[Event "2024 Emerald City Open"]
[Site "?"]
[Date "2024.06.22"]
[Round "1"]
[White "Rafael Palathingal"]
[Black "Oliver He"]
[Result "1-0"]
[WhiteElo "1817"]
[WhiteUrl ""]
[WhiteCountry "US"]
[WhiteTitle ""]
[BlackElo "1283"]

1. d4 Nf6 2. c4 c5 3. d5 e6 4. Nc3 exd5 5. cxd5 d6 6. Nf3 g6 7. e4 Nbd7 8. Be2
Bg7 9. O-O O-O 10. Bf4 Ne8 11. Qd2 a6 12. a4 b6 13. Rfe1 Bb7 14. Bf1 Ndf6 15.
Rad1 Nc7 16. h3 Re8 17. Bc4 Kh8 18. e5 dxe5 19. Nxe5 Kg8 20. Nxf7 Kxf7 21. Bxc7
Qd7 22. d6+ Kf8 23. Re7 Rxe7 24. dxe7+ Ke8 25. Bxb6 Qxd2 26. Rxd2 Kxe7 27. Bxc5+
Ke8 28. Re2+ Kd8 29. Re7 Bh8 30. Rxb7 Nd7 31. Be3 Kc8 32. Bd5 Rb8 33. Rxb8+ Kxb8
34. Bf4+ Be5 35. Bxe5+ Nxe5 36. f4 Nd3 37. Bc4 Nxb2 38. Bxa6 Kc7 39. Bf1 Kc6 40.
a5 Kc5 41. a6 Kb6 42. Nd5+ Ka7 43. Nf6 h6 44. Ng8 h5 45. g4 hxg4 46. hxg4 Na4
47. Ne7 Nc5 48. Nxg6 Nxa6 49. Bxa6 Kxa6 50. Kf2 Kb6 51. f5 Kc6 52. f6 Kd7 53. f7
Ke6 54. Ne5 Ke7 55. g5 Kf8 56. g6 Kg7 57. Nd7 Kxg6 58. f8=Q Kg5 59. Ne5 Kh5 60.
Qf5+ Kh6 61. Qg6# {[%c_effect
f2;square;f2;type;Winner,h6;square;h6;type;CheckmateBlack]} 1-0

[Event "2024 Emerald City Open"]
[Site "?"]
[Date "2024.06.22"]
[Round "2"]
[White "Austin Wentz"]
[Black "Rafael Palathingal"]
[Result "0-1"]
[WhiteElo "1398"]
[BlackElo "1817"]
[BlackUrl ""]
[BlackCountry "US"]
[BlackTitle ""]

1. e4 e5 2. Nf3 Nc6 3. d4 exd4 4. Nxd4 Nf6 5. Nc3 Bb4 6. Nxc6 bxc6 7. Bd3 d6 8.
Bg5 h6 9. Bh4 O-O 10. O-O Qe7 11. Qf3 Bxc3 12. bxc3 Qe5 13. Bxf6 Qxf6 14. Qxf6
gxf6 15. Rab1 Be6 16. Rb2 Rab8 17. Rfb1 Rb6 18. c4 Rfb8 19. Rb3 c5 20. f3 Kf8
21. Kf2 Ke7 22. Ke3 Rg8 23. Kf2 Bd7 24. Rxb6 axb6 25. c3 Ra8 26. Rb2 Ra3 27. Ke2
Rxc3 28. Kd2 Ra3 29. Ke3 b5 30. Kd2 b4 31. Bc2 Rc3 32. Bb3 Be6 33. Rc2 Rxc2+ 34.
Kxc2 f5 35. Kd3 Kf6 36. f4 Bd7 37. g3 Bc6 38. exf5 Kxf5 39. h3 Bg2 40. Ke3 Bxh3
41. Ba4 Kf6 42. Bc6 Bf1 43. Bd5 c6 44. Bxc6 Bxc4 0-1

[Event "Emerald City Open"]
[Site "?"]
[Date "2024.06.22"]
[Round "3"]
[White "Rafael Palathingal"]
[Black "Ujwal Garine"]
[Result "1-0"]
[BlackElo "1718"]
[BlackUrl ""]
[BlackCountry "US"]
[BlackTitle ""]
[WhiteElo "1817"]
[WhiteUrl ""]
[WhiteCountry "US"]
[WhiteTitle ""]
[Termination "White Won By Resignation"]

1. d4 Nf6 2. Nf3 e6 3. c4 d5 4. Nc3 a6 5. cxd5 exd5 6. Bg5 Be7 7. e3 O-O 8. Be2
Nbd7 9. O-O Re8 10. Rc1 c6 11. Re1 Ne4 12. Bf4 Ndf6 13. Ne5 Bf5 14. Nxe4 Nxe4
15. f3 Nd6 16. Qb3 f6 17. Nd3 Bxd3 18. Bxd3 Qd7 19. e4 Nf7 20. exd5 Rad8 21. Be4
f5 22. dxc6 Qxd4+ 23. Be3 Qe5 24. Bb1 bxc6 25. Bb6 Bc5+ 26. Kf1 Qxh2 27. Bxc5
{[%cal db6c5][%c_arrow
b6c5;keyPressed;none;from;b6;opacity;0.8;to;c5;persistent;false][%c_highlight
c5;keyPressed;none;opacity;0.8;square;c5;persistent;false]} 1-0

[Event "2024 Emerald City Open"]
[Site "?"]
[Date "2024.06.23"]
[Round "4"]
[White "Leonid Gavrish"]
[Black "Rafael Palathingal"]
[Result "1-0"]
[WhiteElo "1944"]
[WhiteUrl ""]
[WhiteCountry "UA"]
[WhiteTitle ""]
[BlackElo "1817"]
[BlackUrl ""]
[BlackCountry "US"]
[BlackTitle ""]

1. d4 d5 2. c4 c6 3. cxd5 cxd5 4. Nc3 Nf6 5. Bf4 Nc6 6. e3 Bf5 7. Qb3 Na5 8.
Qa4+ Bd7 9. Qc2 e6 10. Bd3 Rc8 11. Nf3 Bb4 12. O-O O-O 13. Rac1 Nc4 14. Ne5 h6
15. Qe2 Nxe5 16. dxe5 Bxc3 17. bxc3 Ne4 18. c4 Qa5 19. Qg4 g5 20. Bxe4 dxe4 21.
h4 f5 22. exf6 Rxf6 23. hxg5 hxg5 24. Rfd1 Be8 25. Qxg5+ Qxg5 26. Bxg5 Rf5 27.
Rd8 Rxd8 28. Bxd8 Rc5 29. Be7 Rc7 30. Bd6 Rc6 31. c5 b6 32. g4 bxc5 33. Bxc5 Bg6
34. Kg2 Kf7 35. Kg3 a6 36. Kf4 Kg8 37. Kg5 Kf7 38. Rc3 Rc8 39. Bd4 Rxc3 40. Bxc3
Bh7 41. Be5 Kf8 (41... Kg8) 42. Kh6 Bg8 43. g5 Bf7 44. g6 Be8 45. Kh7 Bxg6+ 46.
Kxg6 a5 47. Kf6 a4 48. Kxe6 a3 49. Bd6+ Kg8 50. Bxa3 {[%c_effect
e6;square;e6;type;Winner]} 1-0

[Event "2024 Emerald City Open"]
[Site "?"]
[Date "2024.06.23"]
[Round "5"]
[White "Rafael Palathingal"]
[Black "Nathan Page "]
[Result "1-0"]
[WhiteElo "1817"]
[WhiteUrl ""]
[WhiteCountry "US"]
[WhiteTitle ""]
[BlackElo "1637"]

1. d4 d5 2. c4 c6 3. Nc3 Nf6 4. Nf3 e6 5. cxd5 exd5 6. Bg5 h6 7. Bh4 Bf5 8. e3
Bd6 9. Bd3 Bxd3 10. Qxd3 Nbd7 11. O-O O-O 12. Rab1 Re8 13. b4 a6 14. a4 Qb6 15.
b5 axb5 16. axb5 Ra3 17. Rfc1 Rc8 18. Qd2 Qa5 19. bxc6 bxc6 20. Nb5 Bf8 21. Nxa3
Qxa3 22. Bxf6 Nxf6 23. Qc3 Qa6 24. Qb3 Ne4 25. Ra1 {[%cal db1a1,da1a6][%c_arrow
b1a1;keyPressed;none;from;b1;opacity;0.8;to;a1;persistent;false,a1a6;keyPressed;none;from;a1;opacity;0.8;to;a6;persistent;false][%c_highlight
a6;keyPressed;none;opacity;0.8;square;a6;persistent;false,e2;keyPressed;none;opacity;0.8;square;e2;persistent;false]}
1-0

[Event "2024 Philadelphia International"]
[Site "?"]
[Date "2024.06.27"]
[Round "1"]
[White "Iris Mou"]
[Black "Rafael Palathingal"]
[Result "1-0"]
[BlackElo "1817"]
[BlackUrl ""]
[BlackCountry "US"]
[BlackTitle ""]
[WhiteElo "2178"]
[WhiteUrl ""]
[WhiteCountry "US"]
[WhiteTitle "WIM"]

1. e4 e5 2. Nf3 Nc6 3. Bc4 Bc5 4. d3 Nf6 5. Nc3 d6 6. Na4 Bb6 7. a3 O-O 8. O-O
Be6 9. Bxe6 fxe6 10. b4 Nd4 11. Nd2 Qe8 12. c3 Ne2+ 13. Qxe2 Qxa4 14. Nc4 Qe8
15. a4 a6 16. Nxb6 cxb6 17. c4 Qc6 18. Bb2 a5 19. Bc3 axb4 20. Bxb4 Rfd8 21. Qe3
Rd7 22. a5 bxa5 23. Bxa5 d5 24. cxd5 exd5 25. Rfc1 Qe6 26. Bb4 Rxa1 27. Rxa1 Rd8
28. h3 h6 29. Ra7 Rd7 30. exd5 Qxd5 31. Bc3 Qxd3 32. Qxe5 Qd5 33. Qb8+ Kf7 34.
Be5 Re7 35. Bg3 Kg6 36. Bh4 Qd1+ 37. Kh2 Qd4 38. Bg3 Qd7 39. Ra3 Kh7 40. Bh4
Qc7+ 41. Qxc7 Rxc7 42. Bxf6 gxf6 43. Rb3 Kg6 44. Rb5 Rd7 45. Kg3 Rd3+ 46. f3 Rd7
47. Kg4 Rd4+ 48. Kg3 Rd7 49. f4 Rd3+ 50. Kg4 Rd7 51. h4 Re7 52. h5+ Kg7 53. Kf5
Rc7 54. Rb6 Rc5+ 55. Ke6 Rxh5 56. g4 Rh4 57. Rxb7+ Kg8 58. Kf5 h5 59. gxh5 Kf8
60. Kg6 Rg4+ 61. Kh7 Rxf4 62. h6 Rh4 63. Kg6 Rg4+ 64. Kxf6 Rf4+ 65. Kg5 Rf1 66.
Rb8+ Kf7 67. h7 Rg1+ 68. Kf4 Rf1+ 69. Kg3 Rh1 70. h8=Q Rxh8 71. Rxh8 1-0

[Event "2024 Philadelphia Open"]
[Site "?"]
[Date "2024.06.28"]
[Round "?"]
[White "Rafael Palathingal"]
[Black "Megan Althea Paragua"]
[Result "0-1"]
[WhiteElo "1817"]
[WhiteUrl ""]
[WhiteCountry "2"]
[WhiteTitle ""]
[BlackElo "2041"]
[BlackUrl ""]
[BlackCountry "2"]
[BlackTitle "WFM"]

1. d4 Nf6 2. c4 e6 3. Nf3 d5 4. Nc3 Be7 5. Bg5 O-O 6. e3 h6 7. Bh4 b6 8. cxd5
Nxd5 9. Nxd5 exd5 10. Bxe7 Qxe7 11. Be2 Bb7 12. O-O Nd7 13. Rc1 Rfc8 14. Qb3 c6
15. Rfe1 Rc7 16. Bd3 c5 17. Bf5 Nf6 18. Ne5 g6 19. Bd3 c4 20. Qc2 Re8 21. Red1
Rec8 22. Be2 b5 23. Ng4 Kg7 24. Nxf6 Qxf6 25. Bg4 Re8 26. Bf3 Qd6 27. a3 a5 28.
Re1 Rce7 29. Rcd1 Bc8 30. Qd2 Ra7 31. e4 dxe4 32. Rxe4 Rxe4 33. Bxe4 Re7 34. Bf3
b4 35. axb4 axb4 36. d5 Ba6 37. h3 Kh7 38. Re1 Rxe1+ 39. Qxe1 Bb5 40. Qd2 Kg7
41. Be4 Ba6 42. Bf3 h5 43. Kh1 Qc5 44. d6 c3 45. bxc3 bxc3 46. Qc2 Bd3 47. Qxd3
c2 48. d7 c1=Q+ 49. Bd1 Qxf2 50. Qd6 Qce3 51. Qf8+ Kxf8 52. d8=Q+ Kg7 53. Qh8+
Kxh8 54. Bxh5 Qg1# {[%c_effect
h8;square;h8;type;Winner,h1;square;h1;type;CheckmateWhite]} 0-1

[Event "2024 Philadelphia International Open"]
[Site "?"]
[Date "2024.06.29"]
[Round "4"]
[White "Rafael Palathingal"]
[Black "Luc Hoffman"]
[Result "1/2-1/2"]
[BlackElo "2063"]
[WhiteElo "1817"]
[WhiteUrl ""]
[WhiteCountry "US"]
[WhiteTitle ""]
[Termination ""]

1. d4 d5 2. c4 dxc4 3. e3 Nf6 4. Bxc4 e6 5. Nc3 a6 6. d5 b5 7. Bb3 exd5 8. Nxd5
Bb7 9. e4 Nxe4 10. Qd4 Nc5 11. Bf4 Ne6 12. Qe4 Bb4+ 13. Qxb4 Bxd5 14. Rd1 Nxf4
15. Qxf4 Qe7+ 16. Ne2 Bxb3 17. axb3 O-O 18. Qf3 Nd7 19. O-O Nc5 20. Nd4 Rfe8 {I
had only 21 minutes here, and he had around 56 minutes, so I was just trying to
get to move 40 so I could avoid time pressure.} 21. h3 Qe4 22. Qc3 Qe5 23. Rfe1
Ne4 24. Qc2 Qf4 25. Nc6 Re6 26. Rd8+ Rxd8 27. Nxd8 Re8 28. Nc6 Nf6 29. Rxe8+
Nxe8 30. Ne7+ Kf8 31. Nd5 Qd6 32. Ne3 Nf6 33. Nf5 Qe5 34. Ne3 c5 35. Ng4 Nxg4
36. hxg4 g6 37. f3 Qe3+ 38. Kh2 a5 39. Kh1 Kg7 40. Qd1 Kh6 41. Qd5 Kg7 42. Qd1
Qd4 43. Qc2 b4 44. Kh2 a4 45. bxa4 c4 46. a5 Qe5+ 47. g3 b3 48. Qd2 c3 49. bxc3
Qxa5 50. Qd4+ Kg8 51. c4 Qa2+ 52. Kh3 Qe2 53. g5 Qe6+ 54. g4 Qc8 55. Qb6 1/2-1/2

[Event "2024 Philadelphia Open"]
[Site "?"]
[Date "2024.06.29"]
[Round "5"]
[White "Joshua Altman"]
[Black "Rafael Palathingal"]
[Result "1-0"]
[WhiteElo "2109"]
[WhiteUrl ""]
[WhiteCountry "XE"]
[WhiteTitle "CM"]
[BlackElo "1817"]
[BlackUrl ""]
[BlackCountry "US"]
[BlackTitle ""]

1. d4 d5 2. c4 c6 3. cxd5 cxd5 4. Nf3 Nf6 5. Nc3 Nc6 6. Bf4 Bf5 7. Qb3 Na5 8.
Qa4+ Bd7 9. Qc2 e6 10. e3 Rc8 11. Bd3 Bb4 12. O-O O-O 13. Ne5 h6 14. h3 a6 15.
Rfc1 Nc4 16. Qe2 Nxe5 17. Bxe5 Qe7 18. Qf3 Bd6 19. e4 Bc6 20. Bxd6 Qxd6 21. e5
Qb4 22. exf6 Qxd4 23. fxg7 Qxg7 24. Qg4 f5 25. Qxg7+ Kxg7 26. f4 Rfe8 27. Ne2
Kf6 28. Nd4 Rc7 29. Rc2 Rg7 30. Nxc6 bxc6 31. Rxc6 Reg8 32. Bf1 Rb7 33. Re1 Re8
34. b3 a5 35. Ra6 Rb4 36. Rxa5 Rxf4 37. Rxd5 Ra8 38. Rd6 Rxa2 39. Rexe6+ Kf7 40.
Re2 Ra1 41. Rf2 Rxf2 42. Kxf2 Ra2+ 43. Kf3 Rb2 44. Bc4+ Ke7 45. Rxh6 Rc2 46.
Re6+ Kd7 47. Rf6 Rc3+ 48. Kf4 Ke7 49. Rxf5 Rc2 50. g4 Rf2+ 51. Kg5 Rh2 52. h4
Rh1 53. h5 Kd6 54. h6 Ke7 55. Rf7+ Ke8 56. h7 Rh3 57. Ra7 Kd8 58. Ra8+ Ke7 59.
h8=Q Rxh8 60. Rxh8 Kd6 61. Kf6 Kc5 62. g5 Kb4 63. g6 Kc3 64. g7 Kb2 65. g8=Q Ka1
66. Rh2 Kb1 67. Qg1# {[%c_effect
f6;square;f6;type;Winner,b1;square;b1;type;CheckmateBlack]} 1-0

[Event "2024 Philadelphia International"]
[Site "?"]
[Date "2024.06.30"]
[Round "6"]
[White "Griffin McConnell"]
[Black "Rafael Palathingal"]
[Result "1-0"]
[WhiteElo "2020"]
[WhiteUrl ""]
[WhiteCountry "US"]
[WhiteTitle ""]
[BlackElo "1817"]
[BlackUrl ""]
[BlackCountry "US"]
[BlackTitle ""]

1. e4 e5 2. Nf3 Nc6 3. d4 exd4 4. Nxd4 Nf6 5. Nxc6 bxc6 6. e5 Qe7 7. Qe2 Nd5 8.
g3 g6 9. c4 Ba6 10. b3 Bg7 11. Bb2 O-O 12. Bh3 Rfe8 13. O-O Bxe5 14. Bxe5 Qxe5
15. Qxe5 Rxe5 16. Bxd7 Rd8 17. Bg4 Nf6 18. Bf3 Re6 19. Kg2 Rd4 20. Na3 Ne4 21.
Rfe1 f5 22. Bxe4 fxe4 23. Re2 e3 24. Nc2 Rd2 25. Rxd2 exd2 26. Rd1 Rd6 27. Ne3
Bc8 28. Kf3 Bf5 29. Nxf5 gxf5 30. Ke2 Re6+ 31. Kxd2 f4 32. Re1 Rd6+ 33. Kc3 Kf7
34. Re4 fxg3 35. fxg3 Rd1 36. a4 Rd6 37. Kb4 Rd2 38. Rh4 Kg6 39. Kc5 Rd6 40. Rd4
Rf6 41. Rd7 Rf3 42. b4 a5 43. bxa5 Rf5+ 44. Kb4 c5+ 45. Kb5 Rf2 46. a6 Rf6 47.
Rxc7 h5 48. Rc6 h4 49. a7 hxg3 50. hxg3 Kf5 51. Rxf6+ Kg4 52. a8=Q Kh3 53. Qf3
Kh2 54. Rh6+ Kg1 55. Rh1# 1-0

[Event "2024 Philadelphia International"]
[Site "?"]
[Date "2024.06.30"]
[Round "7"]
[White "Rafael Palathingal"]
[Black "Derek Chen"]
[Result "1/2-1/2"]
[BlackElo "1976"]
[WhiteElo "1817"]
[WhiteUrl ""]
[WhiteCountry "US"]
[WhiteTitle ""]

1. d4 Nf6 2. c4 e6 3. Nf3 Bb4+ 4. Bd2 a5 5. g3 b6 6. Bg2 Bb7 7. O-O Bxd2 8.
Nbxd2 d6 9. Re1 Nbd7 10. e4 e5 11. d5 O-O 12. b3 Nc5 13. Qc2 Bc8 14. a3 Bg4 15.
b4 Bxf3 {[%cal dd2f3,dd2b3,db3c5,dc4c5,dc5c6][%c_arrow
d2f3;keyPressed;none;from;d2;opacity;0.8;to;f3;persistent;false,d2b3;keyPressed;none;from;d2;opacity;0.8;to;b3;persistent;false,b3c5;keyPressed;none;from;b3;opacity;0.8;to;c5;persistent;false,c4c5;keyPressed;none;from;c4;opacity;0.8;to;c5;persistent;false,c5c6;keyPressed;none;from;c5;opacity;0.8;to;c6;persistent;false][%c_highlight
f3;keyPressed;none;opacity;0.8;square;f3;persistent;false,b3;keyPressed;none;opacity;0.8;square;b3;persistent;false,c5;keyPressed;none;opacity;0.8;square;c5;persistent;false]}
16. Bxf3 Nb7 17. Nf1 Qd7 18. Ne3 Ra7 {[%cal da8a7,df8a8,da5b4,da7a1][%c_arrow
a8a7;keyPressed;none;from;a8;opacity;0.8;to;a7;persistent;false,f8a8;keyPressed;none;from;f8;opacity;0.8;to;a8;persistent;false,a5b4;keyPressed;none;from;a5;opacity;0.8;to;b4;persistent;false,a7a1;keyPressed;none;from;a7;opacity;0.8;to;a1;persistent;false][%c_highlight
a7;keyPressed;none;opacity;0.8;square;a7;persistent;false,a1;keyPressed;none;opacity;0.8;square;a1;persistent;false]}
19. Qc3 g6 20. Kg2 Rfa8 21. Nc2 Ne8 22. h4 h5 23. Ne3 Ng7 24. Kh2 Rf8 25. Bg2 f5
26. Bh3 Qf7 27. exf5 gxf5 28. Ng2 Kh8 29. f4 e4 30. Ne3 Kh7 31. Nc2 Kg6 32. Nd4
Qf6 33. Qe3 axb4 34. axb4 Rfa8 35. Rxa7 Rxa7 36. Bxf5+ Nxf5 37. Qxe4 Ra8 38.
Nxf5 Qxf5 39. Qe7 Nd8 40. Qe8+ Qf7 41. Qh8 Ra2+ 42. Kg1 Qf6 43. f5+ Qxf5 44.
Qg8+ Kh6 45. Qh8+ Kg6 46. Qg8+ 1/2-1/2

[Event "2024 Philadelphia Open"]
[Site "?"]
[Date "2024.07.01"]
[Round "?"]
[White "Ishaan Kodarapu"]
[Black "Rafael Palathingal"]
[Result "1-0"]
[WhiteElo "2035"]
[WhiteUrl ""]
[WhiteCountry "US"]
[WhiteTitle ""]
[BlackElo "1843"]
[BlackUrl ""]
[BlackCountry "US"]
[BlackTitle ""]

1. c4 c6 2. Nf3 Nf6 3. Nc3 d5 4. e3 e6 5. b3 Be7 6. Bb2 O-O 7. d4 Nbd7 8. Bd3 b6
9. O-O Bb7 10. Qe2 c5 11. cxd5 exd5 12. Rfd1 Rc8 13. Rac1 cxd4 14. Nxd4 Nc5 15.
Bf5 Rb8 16. h3 h6 17. b4 Ncd7 18. b5 Nc5 19. Nc6 Bxc6 20. bxc6 Qc7 21. Nxd5 Nxd5
22. Rxd5 Qxc6 23. Rcd1 Na4 24. Bd7 Nc3 25. Qg4 Qc7 26. Rc1 Bf6 27. Bxc3 Bxc3 28.
Rd3 h5 29. Qf3 Rfd8 30. Rcxc3 Qe5 31. Rc1 Qb2 32. Rcd1 Qxa2 33. Be6 Qxe6 34.
Rxd8+ Rxd8 35. Rxd8+ Kh7 36. Qxh5+ Qh6 37. Qxh6+ Kxh6 38. Ra8 a5 39. Ra6 a4 40.
Rxb6+ f6 41. Ra6 a3 42. Rxa3 f5 43. f4 Kh5 44. Kf2 Kh4 45. Kf3 g5 46. g3+ Kxh3
47. fxg5 Kh2 48. g6 Kg1 49. g7 Kh2 50. g8=Q Kg1 51. Ra1+ Kh2 52. Qh7#
{[%c_effect f3;square;f3;type;Winner,h2;square;h2;type;CheckmateBlack]} 1-0

[Event "2024 Philadelphia International"]
[Site "?"]
[Date "2024.07.01"]
[Round "9"]
[White "Rafael Palathingal"]
[Black "Tommy Kozlek"]
[Result "1/2-1/2"]
[WhiteElo "1896"]
[WhiteUrl ""]
[WhiteCountry "US"]
[WhiteTitle ""]
[BlackElo "1825"]
[BlackUrl ""]
[BlackCountry "US"]
[BlackTitle ""]

1. d4 Nf6 2. c4 g6 3. Nc3 Bg7 4. e4 d6 5. Nf3 O-O 6. Be2 e5 7. d5 a5 8. O-O Na6
9. Bg5 h6 10. Bh4 Qe8 11. Qd2 g5 12. Bg3 Nc5 13. Qc2 Nh5 14. Nd2 Nf4 15. Bxf4
exf4 16. Nb3 Nxb3 17. axb3 f5 18. Bd3 fxe4 19. Bxe4 g4 20. Rfe1 Qd8 21. f3 Bd4+
22. Kf1 Qh4 23. Nb5 Bb6 24. fxg4 Bxg4 25. Bf3 Qxh2 26. Qg6+ Kh8 27. Qxg4 Qg1+
28. Ke2 Qe3+ 29. Kd1 Qxb3+ 30. Kc1 Be3+ 31. Rxe3 Qxe3+ 32. Kc2 Qf2+ 33. Kb1 Qf1+
34. Kc2 Qf2+ 35. Kb1 Qf1+ 36. Kc2 1/2-1/2

[Event "2024 World Open Amateur U2200"]
[Site "?"]
[Date "2024.07.02"]
[Round "4"]
[White "Leon Chu"]
[Black "Rafael Palathingal"]
[Result "0-1"]
[WhiteElo "1659"]
[WhiteUrl ""]
[WhiteCountry "US"]
[WhiteTitle ""]
[BlackElo "1843"]
[BlackUrl ""]
[BlackCountry "US"]
[BlackTitle ""]
[TimeControl ""]

1. e4 e5 2. Nf3 Nc6 3. d4 exd4 4. Nxd4 Nf6 5. Nxc6 bxc6 6. e5 Qe7 7. Qe2 Nd5 8.
c4 Ba6 9. b3 g6 10. f4 Bg7 11. Qf2 Nb6 12. Ba3 d6 13. Nc3 O-O 14. O-O-O c5 15.
Bd3 Bb7 16. Rhe1 Rfe8 17. Bc2 dxe5 18. Bxc5 Qf6 19. Be4 Bxe4 20. Rxe4 Bh6 21.
Ne2 Qc6 22. Nc3 Bxf4+ 23. Kc2 f5 24. Ree1 Bh6 25. Nd5 Nxd5 26. Rxd5 Bg7 27. Qg3
Rad8 28. Red1 Rxd5 29. Rxd5 a5 30. Qf3 e4 31. Qf4 a4 32. b4 Qa6 33. b5 Qa5 34.
Bd4 Bxd4 35. Rxd4 Qb6 36. Qe3 f4 37. Qf2 Qf6 38. Kd1 a3 39. h3 Rd8 40. Rxd8+
Qxd8+ 41. Ke1 e3 42. Qf3 Qd2+ 43. Kf1 Qc1+ 44. Ke2 Qxc4+ 45. Ke1 Qc3+ 46. Ke2
Qb2+ 47. Ke1 Qb1+ 48. Ke2 Qxb5+ 49. Ke1 Qb4+ 50. Ke2 Kg7 {[%c_effect
g7;square;g7;type;Winner]} 0-1

[Event "2024 World Open Amateur U2200"]
[Site "?"]
[Date "2024.07.02"]
[Round "5"]
[White "Rafael Palathingal"]
[Black "Hans Chi Lawrence"]
[Result "1-0"]
[BlackElo "1601"]
[WhiteElo "1843"]
[WhiteUrl ""]
[WhiteCountry "US"]
[WhiteTitle ""]

1. d4 d5 2. c4 c6 3. Nf3 e6 4. Nc3 dxc4 5. a4 Bb4 6. e3 b5 7. Bd2 Bxc3 8. Bxc3
Bb7 9. d5 Nf6 10. dxc6 Bxc6 11. axb5 Bxb5 12. Nd4 Bc6 13. Nxc6 Nxc6 14. Bxc4
Qxd1+ 15. Rxd1 Ke7 16. Bb5 Rhc8 17. O-O g6 18. f3 Nd5 19. Bd2 f5 20. e4 Nf6 21.
Bg5 Kf7 22. Bf4 Ne7 23. exf5 exf5 24. Rfe1 Ned5 25. Be5 Rd8 26. Bc6 Rac8 27. Bb7
Rc5 28. b4 Rb5 29. Bc6 Rb6 30. Bxf6 Kxf6 31. Rxd5 Rxd5 32. Bxd5 Rxb4 33. Re6+
Kg5 34. Ra6 Kf4 35. g3+ Ke3 36. Rxa7 1-0

[Event "World Open Amateur U2200"]
[Site "?"]
[Date "2024.07.02"]
[Round "6"]
[White "Rafael Palathingal"]
[Black "Amgalanbaatar Ravdanlkhumbu"]
[Result "1/2-1/2"]
[WhiteElo "1843"]
[WhiteUrl ""]
[WhiteCountry "US"]
[WhiteTitle ""]
[BlackElo "1969"]
[BlackUrl ""]
[BlackCountry ""]
[BlackTitle ""]

1. d4 d6 2. Nf3 {I was just trying to avoid the dutch, so instead of c4 I went
Nf3.} 2... Nf6 {I didn't know the plans in this opening, so I had to formulate a
plan during the game.} 3. c4 Bf5 4. Nc3 Nbd7 5. Nh4 {I knew this move was good
because now I can win the bishop pair.} 5... Bg6 6. Nxg6 hxg6 7. e4 {Taking
space in the center.} 7... e5 8. d5 a5 9. Be3 Be7 10. Be2 Nh5! {[%c_effect
h5;square;h5;type;GreatFind;persistent;true] This is a good move because now he
is threatening the annoying idea Nf4 and if I go g3, he goes Bg5, so I
eliminated his knight on h5.} 11. Bxh5 Rxh5 12. Qd2 {My idea is to trade a lot
of pieces after Bg5,Bxg5,Qxg5,Qxg5 (Rxg5 is just a weird looking move).} 12...
Bg5?! {[%c_effect g5;square;g5;type;Inaccuracy;persistent;true] For some reason
he wants to trade the pieces off which only helps me get a draw in this pretty
drawish endgame.} 13. Bxg5 Qxg5 14. Qxg5 Rxg5 15. g3?! {[%c_effect
g3;square;g3;type;Inaccuracy;persistent;true]} (15. O-O {This move is just
better because now f3 doesn't make the structure weird, so I will have no
weaknesses for him to attack.}) 15... Rh5 16. O-O-O {This is a good move because
now my king doesn't obstruct my other pieces and if he plays g5, I can play f3
and Rd2.} 16... Nc5 17. h4! {[%c_effect
h4;square;h4;type;GreatFind;persistent;true] Now g5 is definitely not a good
move.} 17... Kd7 18. Rhf1! {[%c_effect
f1;square;f1;type;GreatFind;persistent;true] Preparing the f4 pawnbreak after
f5.} 18... f5 19. f4 Re8 (19... fxe4 20. fxe5 Rxe5 21. Rf7+ Re7 22. Rxe7+ Kxe7
23. Nxe4) (19... Nxe4 20. Nxe4 fxe4 21. fxe5 Rxe5 22. Rf7+ Re7 23. Rxe7+ Kxe7
24. Re1 Kd7 25. Rxe4) 20. exf5 gxf5 21. Kd2 {My idea is if e4, my king blockades
the e-pawn passer with Ke3 and I am fine in that position.} 21... g6!
{[%c_effect g6;square;g6;type;GreatFind;persistent;true] Just waiting because
the only good move (In my opinion) is Rde1 or else the position isn't that fun
to play as white.} 22. Rde1! {[%c_effect
e1;square;e1;type;GreatFind;persistent;true]} 22... e4 23. Ke3! {[%c_effect
e3;square;e3;type;GreatFind;persistent;true] Blockading the e4 passed pawn.}
23... Rhh8 24. Rb1 b6 25. Ne2 Ra8 26. b3 {[%c_effect
d7;square;d7;type;DrawBlack,e3;square;e3;type;DrawWhite] When I offered the draw
here, I thought I was worse, so I was confused why he accepted it, but once I
came into my hotel room and entered the game, the computer told me 0.00 and I
figured out the c6 isn't that good and after Nd4, it's an instant draw.} 1/2-1/2

[Event "2024 World Open U2000"]
[Site "?"]
[Date "2024.07.03"]
[Round "1"]
[White "Rafael Palathingal"]
[Black "John Hanna"]
[Result "1-0"]
[BlackElo "1754"]
[WhiteElo "1843"]
[WhiteUrl ""]
[WhiteCountry "US"]
[WhiteTitle ""]
[Termination "White won by resignation"]

1. d4 d5 2. c4 c6 3. Nc3 Nf6 4. Nf3 dxc4 5. a4 Bf5 6. e3 e6 7. Bxc4 Bb4 8. O-O
O-O 9. Bd2 Nbd7 10. e4 Nxe4 11. Nxe4 Bxd2 12. Nexd2 Qc7 13. Qe2 c5 14. Rac1 Qf4
15. Qe3 Qxe3 16. fxe3 cxd4 17. Nxd4 Rae8 18. Bb5 Re7 19. Rc7 Rd8 20. Rxb7 Kf8
21. Nc6 Nf6 22. Nxd8 {[%c_effect
g1;square;g1;type;Winner,f8;square;f8;type;ResignBlack]} 1-0

[Event "2024 World Open U2000"]
[Site "?"]
[Date "2024.07.04"]
[Round "2"]
[White "PRADHYOTH JAYAPRAKASH DIVYALAKSHMI"]
[Black "Rafael Palathingal"]
[Result "1-0"]
[Termination "White Won by Resignation"]
[BlackElo "1843"]
[BlackUrl ""]
[BlackCountry "US"]
[BlackTitle ""]
[WhiteElo "1233"]

1. d4 d5 2. c4 c6 3. e3 Nf6 4. h3 Nbd7 5. Nf3 e6 6. Bd3 Bb4+ 7. Bd2 Be7 8. O-O
a6 9. Qc2 O-O 10. Nc3 dxc4 11. Bxc4 b5 12. Bd3 c5 13. Ne4 c4 14. Nxf6+ Nxf6 15.
Be4 Nxe4 16. Qxe4 Rb8 17. Ne5 Bf6 18. Rfd1 Bb7 19. Qg4 Qd5 20. e4 Qxd4 21. Bc3
Qxe4 22. Qxe4 Bxe4 23. Nd7 Bxc3 24. bxc3 Bc2 25. Re1 Rbd8 26. Nxf8 Kxf8 27. Re2
Ba4 28. Rc1 Rd6 29. Kf1 a5 30. Ke1 Ke7 31. Rd2 Rc6 32. a3 Bb3 33. f3 Rc5 34. Kf1
f5 35. Re1 Rc6 36. Rd5 b4 37. axb4 axb4 38. cxb4 c3 39. Rc5 Rxc5 40. bxc5 Kd7
41. Ke2 Kc6 42. Kd3 c2 43. Kc3 Ba4 44. Kb4 Bb5 45. Rxe6+ Kd5 46. Re1 Be2 47. Rc1
Bd3 48. Kc3 Bb5 49. Rxc2 Kxc5 50. Kd2+ Kd6 51. Ke3 Ke6 52. Kf4 Kf6 53. h4 g6 54.
Rc5 Bd7 55. Rc7 Ke6 56. g4 fxg4 57. fxg4 h6 58. g5 hxg5+ 59. Kxg5 Be8 60. Rg7
Bf7 61. Rxg6+ Bxg6 62. Kxg6 Ke7 63. Kg7 Ke6 64. h5 Kf5 65. h6 $1 {[%c_effect
h6;square;h6;type;GreatFind;persistent;true]} 1-0